| 000 | 00603nam a22002057a 4500 | ||
|---|---|---|---|
| 003 | OSt | ||
| 005 | 20140310181809.0 | ||
| 008 | 130705t xxu||||| |||| 00| 0 eng d | ||
| 020 | _a0863188303 | ||
| 050 |
_aQ 125 _b.G786 1992 |
||
| 082 |
_aREF 912 _bG79 1992 |
||
| 245 |
_aThe Great atlas of discovery / _cillustrated by Peter Morter, written by Neil Grant. |
||
| 260 |
_aLondon : _bDorling Kindersley, _c1992. |
||
| 300 |
_a64 p., _bill. (col.) _c35 cm. |
||
| 520 | _a1. Atlases 2. Grant, Neil | ||
| 521 | _aBasic ed. students | ||
| 541 | _j1 | ||
| 562 | _e1 | ||
| 942 |
_2lcc _cBK-GR _kREF |
||
| 999 |
_c3876 _d3876 |
||